| 000 | 00494nam a22001817a 4500 | ||
|---|---|---|---|
| 003 | CEME | ||
| 005 | 20210628202451.0 | ||
| 008 | 210121b xxu||||| |||| 00| 0 eng d | ||
| 020 | _a0-7515-3381-5 | ||
| 040 | _c. | ||
| 082 | _a658.4092 GOL | ||
| 100 |
_aGoleman , Daniel _99683 |
||
| 245 | _aThe new leaders ,transforming the art of leadership into the science of results | ||
| 260 |
_aNEW DELHI _bTIME WARNER _c2002 |
||
| 300 | _aXXI,394P | ||
| 650 |
_aLEADERSHIP _9300 |
||
| 942 |
_cBK _2ddc |
||
| 999 |
_c569871 _d569871 |
||